Top 4 at the CAF Africa Cup of Nations - Statistics

General Stats
  • This quiz has been taken 134 times
  • The average score is 122 of 134
Answer Stats
Edition Position Nation % Correct
1957 Sudan 1st Egypt
100%
1974 Egypt 3rd Egypt
100%
1976 Ethiopia 4th Egypt
100%
1980 Nigeria 4th Egypt
100%
1984 Ivory Coast 4th Egypt
100%
1986 Egypt 1st Egypt
100%
1998 Burkina Faso 1st Egypt
100%
2006 Egypt 1st Egypt
100%
2008 Ghana 1st Egypt
100%
2010 Angola 1st Egypt
100%
2017 Gabon 2nd Egypt
100%
2021 Cameroon 2nd Egypt
100%
1965 Tunisia 3rd Ivory Coast
99%
1968 Ethiopia 3rd Ivory Coast
99%
1970 Sudan 4th Ivory Coast
99%
1986 Egypt 3rd Ivory Coast
99%
1992 Senegal 1st Ivory Coast
99%
1994 Tunisia 3rd Ivory Coast
99%
2006 Egypt 2nd Ivory Coast
99%
2008 Ghana 4th Ivory Coast
99%
2012 Equatorial Guinea & Gabon 2nd Ivory Coast
99%
2015 Equatorial Guinea 1st Ivory Coast
99%
2023 Ivory Coast 1st Ivory Coast
99%
1976 Ethiopia 1st Morocco
99%
1980 Nigeria 3rd Morocco
99%
1986 Egypt 4th Morocco
99%
1988 Morocco 4th Morocco
99%
2004 Tunisia 2nd Morocco
99%
1976 Ethiopia 3rd Nigeria
99%
1978 Ghana 3rd Nigeria
99%
1980 Nigeria 1st Nigeria
99%
1984 Ivory Coast 2nd Nigeria
99%
1988 Morocco 2nd Nigeria
99%
1990 Algeria 2nd Nigeria
99%
1992 Senegal 3rd Nigeria
99%
1994 Tunisia 1st Nigeria
99%
2000 Ghana & Nigeria 2nd Nigeria
99%
2002 Mali 3rd Nigeria
99%
2004 Tunisia 3rd Nigeria
99%
2006 Egypt 3rd Nigeria
99%
2010 Angola 3rd Nigeria
99%
2013 South Africa 1st Nigeria
99%
2019 Egypt 3rd Nigeria
99%
2023 Ivory Coast 2nd Nigeria
99%
1965 Tunisia 4th Senegal
99%
1990 Algeria 4th Senegal
99%
2002 Mali 2nd Senegal
99%
2006 Egypt 4th Senegal
99%
2019 Egypt 2nd Senegal
99%
2021 Cameroon 1st Senegal
99%
1972 Cameroon 3rd Cameroon
98%
1984 Ivory Coast 1st Cameroon
98%
1986 Egypt 2nd Cameroon
98%
1988 Morocco 1st Cameroon
98%
1992 Senegal 4th Cameroon
98%
2000 Ghana & Nigeria 1st Cameroon
98%
2002 Mali 1st Cameroon
98%
2008 Ghana 2nd Cameroon
98%
2017 Gabon 1st Cameroon
98%
2021 Cameroon 3rd Cameroon
98%
1963 Ghana 1st Ghana
97%
1965 Tunisia 1st Ghana
97%
1968 Ethiopia 2nd Ghana
97%
1970 Sudan 2nd Ghana
97%
1978 Ghana 1st Ghana
97%
1982 Libya 1st Ghana
97%
1992 Senegal 2nd Ghana
97%
1996 South Africa 4th Ghana
97%
2008 Ghana 3rd Ghana
97%
2010 Angola 2nd Ghana
97%
2012 Equatorial Guinea & Gabon 4th Ghana
97%
2013 South Africa 4th Ghana
97%
2015 Equatorial Guinea 2nd Ghana
97%
2017 Gabon 4th Ghana
97%
1996 South Africa 1st South Africa
97%
1998 Burkina Faso 2nd South Africa
97%
2000 Ghana & Nigeria 3rd South Africa
97%
2023 Ivory Coast 3rd South Africa
97%
1962 Ethiopia 3rd Tunisia
97%
1965 Tunisia 2nd Tunisia
97%
1996 South Africa 2nd Tunisia
97%
2000 Ghana & Nigeria 4th Tunisia
97%
2004 Tunisia 1st Tunisia
97%
2019 Egypt 4th Tunisia
97%
1980 Nigeria 2nd Algeria
96%
1982 Libya 4th Algeria
96%
1984 Ivory Coast 3rd Algeria
96%
1988 Morocco 3rd Algeria
96%
1990 Algeria 1st Algeria
96%
2010 Angola 4th Algeria
96%
2019 Egypt 1st Algeria
96%
1998 Burkina Faso 3rd Democratic Republic of the Congo
93%
2015 Equatorial Guinea 3rd Democratic Republic of the Congo
93%
2023 Ivory Coast 4th Democratic Republic of the Congo
93%
1959 United Arab Republic 3rd Ethiopia
93%
1962 Ethiopia 1st Ethiopia
93%
1963 Ghana 4th Ethiopia
93%
1968 Ethiopia 4th Ethiopia
93%
1972 Cameroon 2nd Mali
93%
1994 Tunisia 4th Mali
93%
2002 Mali 4th Mali
93%
2004 Tunisia 4th Mali
93%
2012 Equatorial Guinea & Gabon 3rd Mali
93%
2013 South Africa 3rd Mali
93%
1957 Sudan 3rd Sudan
93%
1959 United Arab Republic 2nd Sudan
93%
1963 Ghana 2nd Sudan
93%
1970 Sudan 1st Sudan
93%
1978 Ghana 4th Tunisia
91%
1957 Sudan 2nd Ethiopia
88%
1998 Burkina Faso 4th Burkina Faso
86%
2013 South Africa 2nd Burkina Faso
86%
2017 Gabon 3rd Burkina Faso
86%
2021 Cameroon 4th Burkina Faso
86%
1982 Libya 2nd Libya
84%
1976 Ethiopia 2nd Guinea
83%
1974 Egypt 2nd Zambia
81%
1982 Libya 3rd Zambia
81%
1990 Algeria 3rd Zambia
81%
1994 Tunisia 2nd Zambia
81%
1996 South Africa 3rd Zambia
81%
2012 Equatorial Guinea & Gabon 1st Zambia
81%
2015 Equatorial Guinea 4th Equatorial Guinea
71%
1962 Ethiopia 4th Uganda
69%
1978 Ghana 2nd Uganda
69%
1972 Cameroon 4th Zaire
51%
1974 Egypt 1st Zaire
51%
1959 United Arab Republic 1st United Arab Republic
42%
1962 Ethiopia 2nd United Arab Republic
42%
1963 Ghana 3rd United Arab Republic
42%
1970 Sudan 3rd United Arab Republic
42%
1968 Ethiopia 1st Congo-Kinshasa
4%
1972 Cameroon 1st People's Republic of the Congo
0%
1974 Egypt 4th People's Republic of the Congo
0%
No matching quizzes found
Score Distribution
Percent of People with Each Score
Percentile by Number Answered
Your Score History
You have not taken this quiz